mysqli: Table './ulib62015/stat_globaluid' is marked as crashed and should be repaired
select id from stat_globaluid where statuid='20260518004704_1358'
mysqli: Table './ulib62015/stat_globaluid' is marked as crashed and should be repaired
DELETE FROM stat_globaluid
WHERE id NOT IN (
SELECT id
FROM (
SELECT id
FROM stat_globaluid
ORDER BY id DESC
LIMIT 100
) foo
);
mysqli: Table './ulib62015/stat_globaluid' is marked as crashed and should be repaired
insert into stat_globaluid set
statuid='20260518004704_1358',
dt='1779040024',
phpself='/ULIB62015/dublinfull.php',
agent='Mozilla/5.0 AppleWebKit/537.36 (KHTML, like Gecko; compatible; ClaudeBot/1.0; +claudebot@anthropic.com)',
yea='2026',
mon='5',
dat='18',
ip='216.73.216.45'
mysqli: Table './ulib62015/stathist_viewbib_bib_type' is marked as crashed and should be repaired
insert into stathist_viewbib_bib_type set
dat='18' ,
mon='05' ,
yea='2026' ,
statuid='20260518004704_1358' ,
head='32340' ,
foot='marc' ,
dt='1779040024'
| LEADER : 00000nam 2200000uu 4500 |
| 008 100628s||||||||th 000 0 tha d |
| 020 ^a9789740619291
|
| 082 0 ^aQA79.73^bพ7298
|
| 100 0 ^aพิรพร หมุนสนิท
|
| 245 00 ^aใช้งาน SQL แบบมืออาชีพ
|
| 260 ^aกรุงเทพฯ:^bเคทีพี คอมพ์ แอนด์ คอนซัลท์,^c2551
|
| 300 ^a337 หน้า.
|
| 945 ^p320^l0^i013080
|
| 945 ^p320^l0^i013081
|
| 945 ^p320^l0^i013082
|
| 945 ^p320^l0^i013083 |
| 999 ^alib
|
| คุณยังไม่ได้ล็อกอิน คุณสามารถมีกิจกรรมร่วมกับเว็บไซต์ได้ แต่ต้องล็อกอินก่อน :: |
|
|
|
|
ยังไม่เคยถูกคอมเมนท์
|
| คอมเมนท์ทรัพยากรรายการนี้ |
|